|
|
|
|
| LEADER |
00000nam a22000007a 4500 |
| 005 |
2019091804524.0 |
| 007 |
cr|||| |||| |
| 008 |
190918s2019 gb |||||s|||| 00||0 eng d |
| 020 |
|
|
|a 9786200095404
|
| 035 |
|
|
|a 29425
|
| 040 |
|
|
|a vLex
|
| 090 |
|
|
|c 9572
|d 9572
|
| 100 |
1 |
|
|a Ibitoye, Tolulope
|
| 245 |
1 |
0 |
|a An examination of the United Kingdom's Data Protection Act of 1998
|h [Recurso electrn̤ico] /
|c Tolulope Ibitoye
|
| 256 |
|
|
|a Servicio en ln̕ea
|
| 260 |
|
|
|a Londres:
|b Lambert Academic Publishing,
|c 2019
|
| 300 |
|
|
|a 1 recurso electrn̤ico
|
| 500 |
|
|
|a The development of the society from the industrial age to the information age has brought about tension between privacy rights on the one hand, and free access to information/use of personal details by organisations and government on the other hand. As an individual has a right to privacy/data protection, so do organisations and government have legitimate reasons to gather and process data of private individuals. In some instances, an individual’s privacy right may be conceded for organisational or governmental interests including public safety, or security reasons. Hence, this work will examine the UK Data Protection Act of 1998 with the aim of determining whether a balance between the competing interests above can be struck.
|
| 506 |
1 |
|
|a Disponible solo en los productos indicados
|d vLex Global
|d vLex Global (Academic Edition, excluding Law Schools)
|d vLex Global (U.S. Academic Edition, Law Schools)
|d vLex Global (U.S. Academic Edition, excluding Law Schools)
|d vLex Global (Academic Edition, Law Schools)
|
| 650 |
0 |
4 |
|a Derecho Pb︢lico y Administrativo
|z Reino Unido
|
| 740 |
0 |
|
|a vLex Libros (Servicio en ln̕ea)
|
| 856 |
4 |
0 |
|u http://vlex.com/source/29425
|z Acceso restringido
|
| 942 |
|
|
|c BOOK
|
| 999 |
0 |
|
|a Public and Administrative Law
|